000 00511nam a2200157 i 4500
001 89834
003 ES-MaACL
005 20230906180301.0
007 t|
008 050114s1940 fr ||||1| fre d
100 1 _aLauvrière, Emile.
_970668
245 1 0 _aHistoire de la Lousiane Française
_b: 1673-1939 /
_cEmile Lavrière.
260 _aParis :
_bG.P. :
_bMaissoneuve Frères,
_c1940 (
_eSaint-Amand, Cher :
_fA. Bedú)
300 _a445 p., 7 lám. :
_bil. ;
_c28 cm.
852 _aES-MaACL
_jD-7059
_bR.30488
999 _c89834
_d89834